000 00317nam a2200133 i 4500
001 bg
100 1 _aGREGORCZYK, Andrzej
245 0 _aZarys logiki matematycznej /
_cAndrzej Gregorczyk.
260 _aWarszawa,
_c1975.
040 _cBPK
041 _apol
942 _cKS
008 s pl f |000 0 pol
999 _c16358
_d16358
856 _uhttp://koha.tu.koszalin.pl/cgi-bin/koha/opac-detail.pl?biblionumber=16358
_yKatalog online BPK